[Event "Panagiotis Apergis op"]
[Site "Ano Liosia"]
[Date "2007.05.01"]
[Round "3"]
[White "Baharis, Athanasios"]
[Black "Kazis, Spilios"]
[Result "0-1"]
[WhiteElo "1000"]
[BlackElo "1155"]
[PlyCount "50"]
[EventDate "2007.04.24"]
[EventType "swiss"]
[EventRounds "7"]
[EventCountry "GRE"]
[SourceTitle "EXT 2008"]
[Source "ChessBase"]
[SourceDate "2007.11.25"]
[SourceVersion "1"]
[SourceVersionDate "2007.11.25"]
[SourceQuality "1"]

1. e4 e5 2. Nf3 Nc6 3. d4 exd4 4. Nxd4 Bc5 5. Nxc6 Qf6 6. Qe2 dxc6 7. Be3 Bxe3 8. Qxe3 Qxb2 9. Bc4 Qxa1 10. 0-0 Qf6 11. e5 Qe7 12. Qg3 g6 13. Nc3 Bf5 14. Bb3 0-0-0 15. Qe3 c5 16. Nd5 Qf8 17. Qc3 Be6 18. Rd1 Bxd5 19. Bxd5 Ne7 20. Qh3+ Kb8 21. Rb1 Nxd5 22. Qb3 b6 23. c4 Nb4 24. Rb2 Rd3 25. Qa4 Qe8 0-1